đź“– 150 premiers mots "Trois baisers" Pancol - Statistiques

Statistiques générales
  • Ce quiz a Ă©tĂ© pris 23 fois
  • Le rĂ©sultat moyen est 81 sur 150
Statistiques - réponses
Mots % Correct
A
100%
a
100%
l'
100%
n'
100%
Stella
100%
est
95%
il
95%
Il
95%
Le
95%
le
95%
pas
95%
ce
89%
Ce
89%
de
89%
Des
89%
elle
89%
et
89%
la
89%
lĂ ,
89%
Les
89%
les
89%
Ne
89%
ne
89%
qu'
89%
que
89%
pour
84%
qui
84%
sa
84%
ses
84%
son
84%
un
84%
au
79%
En
79%
sur
79%
dans
68%
fait
68%
sous
68%
Tout
68%
toutes
68%
bien,
63%
ça
63%
va
63%
Mickey,
58%
forces
47%
Mickey
47%
peut
47%
dix.
42%
draps.
42%
tĂŞte
42%
croire
37%
heures
37%
Sept
37%
Tom
37%
bras
32%
dort,
32%
entré
32%
pli,
32%
up,
32%
up',
32%
yeux.
32%
Laisser
26%
oreiller,
26%
possible,
26%
toi.
26%
réveil
21%
jambes
16%
juste
16%
peine
16%
sonne.
16%
changé
11%
'Get
11%
get
11%
Appuie
5%
aussitĂ´t.
5%
bouger.
5%
collège
5%
droit
5%
fermés.
5%
garder
5%
ouvre
5%
respirer.
5%
revenir.
5%
boules
0%
cadran
0%
calme-
0%
capillaire. ...
0%
claque
0%
coton
0%
coude
0%
couvrent
0%
Danger,
0%
danger.
0%
démange.
0%
déplacer
0%
explosent
0%
gauche
0%
gel
0%
gorge.
0%
gratter
0%
hanche.
0%
maigres
0%
nasille.
0%
paupière
0%
pédalent.
0%
plaqué
0%
referme
0%
revenu.
0%
septembre,
0%
tremble
0%
tressautent,
0%
vocabulaire
0%
Aucun quiz correspondant
Distribution des résultats
% des personnes avec chaque résultat
Percentile par nombre de réponses
Votre historique - résultats
Vous n’avez pas pris ce quiz